Statistics for Top 10 Everton Starting XI

Click here to take the quiz!

General Stats

  • This quiz has been taken 454 times
  • The average score is 26 of 63

Answer Stats

TeamPlayer% Correct
2007-08, 2008-09, 2009-10, 2012-13, 2013-14Tim Howard
95%
2013-14, 2016-17Romelu Lukaku
91%
2012-13, 2013-14, 2016-17Séamus Coleman
88%
2020-21Jordan Pickford
86%
2020-21Gylfi Sigurðsson
84%
2020-21Richarlison
80%
2020-21James Rodríguez
79%
2004-05, 2008-09, 2009-10Tim Cahill
79%
2008-09, 2009-10, 2012-13, 2013-14, 2016-17Leighton Baines
77%
2020-21Dominic Calvert-Lewin
76%
2020-21Lucas Digne
75%
2020-21Michael Keane
75%
2008-09, 2009-10, 2012-13Marouane Fellaini
68%
2012-13, 2013-14, 2016-17Kevin Mirallas
67%
2020-21Allan
65%
2007-08, 2009-10, 2012-13Steven Pienaar
65%
2016-17Idrissa Gueye
63%
2007-08, 2008-09, 2012-13, 2013-14, 2016-17Phil Jagielka
61%
2020-21Abdoulaye Doucouré
55%
2007-08, 2008-09Mikel Arteta
55%
2016-17Maarten Stekelenburg
54%
2009-10, 2012-13, 2013-14Sylvain Distin
52%
2020-21Mason Holgate
50%
2013-14, 2016-17Ross Barkley
50%
2013-14James McCarthy
49%
2013-14, 2016-17Gareth Barry
45%
2016-17Ashley Williams
44%
2020-21Ben Godfrey
43%
2016-17Tom Davies
40%
2004-05, 2007-08, 2008-09, 2009-10, 2012-13, 2013-14Leon Osman
37%
2009-10Louis Saha
37%
2012-13Nikica Jelavić
35%
2007-08Yakubu Aiyegbeni
35%
2009-10John Heitinga
34%
2002-03, 2007-08, 2008-09Joseph Yobo
32%
2002-03, 2004-05, 2007-08Tony Hibbert
32%
2007-08, 2008-09, 2009-10Phil Neville
31%
1995-96Neville Southall
30%
2007-08, 2008-09Joleon Lescott
26%
2002-03, 2004-05Thomas Gravesen
25%
2012-13Darron Gibson
23%
1995-96Andrei Kanchelskis
19%
2002-03, 2004-05David Weir
18%
2002-03Kevin Campbell
17%
2002-03, 2004-05, 2007-08Lee Carsley
17%
2004-05Nigel Martyn
17%
2002-03Richard Wright
16%
2002-03Tomasz Radzinski
16%
2004-05Alessandro Pistone
15%
1995-96, 2002-03David Unsworth
15%
2002-03, 2004-05Alan Stubbs
14%
1995-96Dave Watson
14%
2009-10Jack Rodwell
14%
2004-05Marcus Bent
14%
1995-96Anders Limpar
12%
2004-05Kevin Kilbane
11%
1995-96Andy Hinchcliffe
7%
1995-96Barry Horne
7%
2002-03Gary Naysmith
7%
1995-96Graham Stuart
6%
1995-96Joe Parkinson
5%
1995-96John Ebbrell
5%
1995-96Craig Short
4%

Score Distribution

Percentile by Number Answered

Percent of People with Each Score

Your Score History

You have not taken this quiz